Normal view
MARC view
- Three bears (Tale)
Entry Topical Term
001 - CONTROL NUMBER
- control field: 86900
003 - CONTROL NUMBER IDENTIFIER
- control field: OSt
005 - DATE AND TIME OF LATEST TRANSACTION
- control field: 20251117152745.0
008 - FIXED-LENGTH DATA ELEMENTS
- fixed length control field: 251117|| aca||aabn | a|a d
040 ## - CATALOGING SOURCE
- Original cataloging agency: OSt
- Transcribing agency: OSt
150 ## - HEADING--TOPICAL TERM
- Topical term or geographic name as entry element: Three bears (Tale)
- Form subdivision: Pictorial works
- Form subdivision: Juvenile fiction
670 ## - SOURCE DATA FOUND
- Source citation: Work cat.: (OSt)49779: Baxter, Nicola, author. 49236, Goldilocks and the three bears :, November 1, 2015.